Debat sobre l'estratègia econòmica adequada per a la Catalunya autònoma dels propers anys : Barcelona, 30 de juny i 1 de juliol del 1980 Barcelona, 30 de juny i 1 de juliol del 1980
Descripción Física:
221, [50] p., taules ; 24 cm
Otros Autores:
Col·legi d'Economistes de Catalunya
MARC
| LEADER | 00000nam a2200000Ia 4500 | ||
|---|---|---|---|
| 001 | 13749 | ||
| 003 | BGR | ||
| 005 | 20260324175253.0 | ||
| 008 | 160829s9999 xx 000 0 cat d | ||
| 080 | |a M-4-31 | ||
| 111 | |a Debat sobre l'Estratègia Econòmica adequada per a la Catalunya Autònoma |9 70705 |c (Barcelona : |d 1980) | ||
| 245 | |a Debat sobre l'estratègia econòmica adequada per a la Catalunya autònoma dels propers anys : |b Barcelona, 30 de juny i 1 de juliol del 1980 | ||
| 260 | |a [Barcelona] : |b Col·legi d'Economistes de Catalunya, DL 1980 | ||
| 300 | |a 221, [50] p., taules ; |c 24 cm | ||
| 590 | |a Inclou les ponències del debat i el ressó del debat a la premsa | ||
| 650 | |a Economia |x Catalunya |x Congressos |9 24184 | ||
| 650 | |a Catalunya |x Política econòmica |x Congressos |9 24185 | ||
| 700 | |a Col·legi d'Economistes de Catalunya |9 24186 | ||
| 901 | |a Arxiu | ||
| 942 | |n 1 |2 udc |c MON | ||
| 952 | |0 0 |1 0 |4 0 |6 M431 |7 1 |9 43015 |a Arxiu |b Arxiu |d 2016-12-01 |l 0 |o M-4-31 |p 13749 |r 2016-12-01 00:00:00 |w 2016-12-01 |y ARXIU | ||
| 999 | |c 45558 |d 45558 | ||